000 00726nam a2200241 i 4500
001 bg
245 0 0 _aSłownik naukowo-techniczny angielsko-polski /
_cred. Maria Skrzyńska [et al.].
250 _aWyd. 11, dodr.
260 _aWarszawa :
_bWydawnictwa Naukowo-Techniczne,
_c1999.
300 _a[8], 1032 s. ;
_c24 cm.
500 _aTyt. równol. : English-Polish dictionary of science and technology.
650 9 _aSłownik angielsko-polski
650 9 _aTechnika
655 _aSłowniki
700 1 _aSKRZYŃSKA, Maria.
_eRed.
020 _a8320424860
040 _cBPK
041 1 _aenpl
080 _a62(038)=111=162.1
920 _a83-204-2486-0
942 _cKS
008 s pl f |000 0 pol
999 _c36160
_d36160
856 _uhttp://koha.tu.koszalin.pl/cgi-bin/koha/opac-detail.pl?biblionumber=36160
_yKatalog online BPK